00252nam a2200109Ia 4500008004100000100001800041245002500059260002000084260000900104546001200113999001700125170619s9999 xx 000 0 und d aSaxena- Rajan 0aMarketing management bNew Delhi T M H c2006 aENGLISH c22117d22117